|
|
|
|
| LEADER |
00000naa2a2200000 4500 |
| 001 |
203694 |
| 005 |
20240221162338.0 |
| 035 |
|
|
|a (RuTPU)RU\TPU\book\221984
|
| 035 |
|
|
|a RU\TPU\book\221981
|
| 090 |
|
|
|a 203694
|
| 100 |
|
|
|a 20111110d1999 k y0rusy50 ca
|
| 101 |
0 |
|
|a rus
|
| 102 |
|
|
|a RU
|
| 200 |
1 |
|
|a Математический аппарат для построения тематических карт при изучении и использовании недр
|f Н. Г. Марков [и др.]
|
| 225 |
1 |
|
|a Математические модели
|
| 320 |
|
|
|a Библиогр.: с. 94 (3 назв.)
|
| 463 |
|
0 |
|0 (RuTPU)RU\TPU\book\12824
|t Трансферные технологии в информатике
|o научно-технический сборник
|h Вып. 1
|v С. 87-94
|f Томский политехнический университет (ТПУ) ; под ред. В. К. Погребного
|d 1999
|p 123 с.
|
| 610 |
1 |
|
|a труды учёных ТПУ
|
| 701 |
|
1 |
|a Марков
|b Н. Г.
|c российский специалист в области информатики и вычислительной техники
|c профессор Томского политехнического университета, доктор технических наук
|f 1950-
|g Николай Григорьевич
|3 (RuTPU)RU\TPU\pers\24748
|9 10989
|
| 701 |
|
1 |
|a Гаряев
|b Р. И.
|g Ренат Ильдарович
|
| 701 |
|
1 |
|a Захарова
|b А. А.
|c российский специалист в области информационных технологий
|c доцент Томского политехнического университета, кандидат технических наук
|f 1972-
|g Алена Александровна
|3 (RuTPU)RU\TPU\pers\25392
|
| 701 |
|
1 |
|a Ковин
|b Р. В.
|c специалист в области информатики и вычислительной техники
|c доцент Томского политехнического университета, кандидат технических наук
|f 1975-
|g Роман Владимирович
|3 (RuTPU)RU\TPU\pers\26552
|9 12241
|
| 701 |
|
1 |
|a Черноусов
|b М. В.
|
| 801 |
|
1 |
|a RU
|b 63413507
|c 20091103
|
| 801 |
|
2 |
|a RU
|b 63413507
|c 20120118
|g RCR
|
| 942 |
|
|
|c BK
|